[Event "Uljanovsk Volga op"]
[Site "Uljanovsk"]
[Date "2016.01.07"]
[Round "5"]
[White "Logunov, Egor"]
[Black "Pavlovski, Yaroslav"]
[Result "0-1"]
[WhiteElo "1574"]
[BlackElo "2333"]
[PlyCount "56"]
[EventDate "2016.01.05"]
[EventType "swiss"]
[EventRounds "9"]
[EventCountry "RUS"]
[SourceTitle "CBM 170 Extra"]
[Source "ChessBase"]
[SourceDate "2016.02.25"]
[SourceVersion "1"]
[SourceVersionDate "2016.02.25"]
[SourceQuality "1"]

1. d4 Nf6 2. Nf3 g6 3. Bf4 Bg7 4. e3 d6 5. h3 0-0 6. Be2 Nfd7 7. 0-0 e5 8. dxe5 dxe5 9. Bg5 Qe8 10. c3 h6 11. Bh4 Nc6 12. Na3 Nf6 13. Bg3 Ne4 14. Bh2 Qe7 15. Qc2 Nc5 16. b4 Bf5 17. Qb2 Nd3 18. Bxd3 Bxd3 19. Rfd1 Rfd8 20. Rd2 Be4 21. Rxd8+ Rxd8 22. Nd2 Bd3 23. Nac4 b5 24. Na3 e4 25. Nb3 Qxb4 26. Nc2 Qxc3 27. Qxc3 Bxc3 28. Rc1 Bxc2 0-1

[Event "Uljanovsk Povolje op"]
[Site "Uljanovsk"]
[Date "2015.09.27"]
[Round "9"]
[White "Beldyugin, Alexey"]
[Black "Pavlovski, Yaroslav"]
[Result "1/2-1/2"]
[WhiteElo "2076"]
[BlackElo "2306"]
[PlyCount "23"]
[EventDate "2015.09.12"]
[EventType "swiss"]
[EventRounds "9"]
[EventCountry "RUS"]
[SourceTitle "EXT 2016"]
[Source "ChessBase"]
[SourceDate "2015.10.08"]
[SourceVersion "1"]
[SourceVersionDate "2015.10.08"]
[SourceQuality "1"]

1. d4 Nf6 2. Nf3 g6 3. g3 Bg7 4. Bg2 0-0 5. 0-0 d6 6. b3 c6 7. Bb2 a5 8. c4 Bf5 9. Nc3 Ne4 10. Nh4 Nxc3 11. Bxc3 Be6 12. Qd3 1/2-1/2

[Event "Samara Polugaevsky Memorial 5th"]
[Site "Samara"]
[Date "2015.07.06"]
[Round "4"]
[White "Pavlovski, Yaroslav"]
[Black "Kalyndu, Aldynbek"]
[Result "1-0"]
[WhiteElo "2311"]
[BlackElo "2099"]
[PlyCount "97"]
[EventDate "2015.07.03"]
[EventType "swiss"]
[EventRounds "9"]
[EventCountry "RUS"]
[SourceTitle "EXT 2017"]
[Source "ChessBase"]
[SourceDate "2016.10.25"]
[SourceVersion "1"]
[SourceVersionDate "2016.10.25"]
[SourceQuality "1"]

1. e4 c5 2. Nf3 Nc6 3. d4 cxd4 4. Nxd4 Nf6 5. Nc3 d6 6. Bc4 e5 7. Nf5 Bxf5 8. exf5 Nd4 9. 0-0 Be7 10. Bg5 0-0 11. Bxf6 Bxf6 12. Qd3 Rc8 13. Bd5 b5 14. Rac1 b4 15. Ne4 Nxf5 16. c3 bxc3 17. bxc3 Be7 18. Rfd1 Kh8 19. g3 Rb8 20. Rb1 Rb6 21. Rxb6 axb6 22. Rb1 Nh6 23. Qb5 f5 24. Nd2 Qc7 25. Rb3 Qa7 26. a4 f4 27. Rb4 fxg3 28. hxg3 Bd8 29. Ne4 Qe7 30. Qc6 Ng4 31. Qxd6 Qe8 32. Be6 Be7 33. Qxb6 Bxb4 34. cxb4 Qh5 35. Bxg4 Qxg4 36. Qd6 Qf3 37. a5 Rc8 38. Nc5 e4 39. Qd4 Re8 40. Qd7 Rf8 41. Qd4 Re8 42. Qd5 h5 43. Ne6 h4 44. Ng5 Qg4 45. Qf7 Rc8 46. Qg6 Kg8 47. Qh7+ Kf8 48. Qh8+ Ke7 49. Qxg7+ 1-0

[Event "Nezhmetdinov Memorial rapid 37th"]
[Site "Kazan"]
[Date "2015.05.30"]
[Round "9"]
[White "Pavlovski, Yaroslav"]
[Black "Timofeev, Artyom"]
[Result "0-1"]
[WhiteElo "2311"]
[BlackElo "2534"]
[PlyCount "54"]
[EventDate "2015.05.29"]
[EventType "swiss (rapid)"]
[EventRounds "9"]
[EventCountry "RUS"]
[SourceTitle "CBM 166 Extra"]
[Source "ChessBase"]
[SourceDate "2015.06.18"]
[SourceVersion "1"]
[SourceVersionDate "2015.06.18"]
[SourceQuality "1"]

1. e4 e6 2. d4 d5 3. Nc3 Nc6 4. Nf3 Nf6 5. Bg5 Be7 6. e5 Ne4 7. Bxe7 Qxe7 8. a3 Nxc3 9. bxc3 Na5 10. Be2 c5 11. 0-0 Bd7 12. c4 Nxc4 13. Bxc4 dxc4 14. dxc5 Qxc5 15. Re1 0-0-0 16. c3 Bc6 17. Nd4 h5 18. Qd2 g5 19. Qe3 a6 20. Rab1 Bd5 21. Rb4 g4 22. Reb1 h4 23. Qf4 g3 24. Qxf7 Rdf8 25. Qg7 Rhg8 26. Qh7 gxf2+ 27. Kf1 Bxg2+ 0-1

[Event "Uljanovsk op"]
[Site "Uljanovsk"]
[Date "2010.01.10"]
[Round "9"]
[White "Mirzaev, Aziz"]
[Black "Pavlovski, Yaroslav"]
[Result "0-1"]
[WhiteElo "1917"]
[BlackElo "2286"]
[PlyCount "150"]
[EventDate "2010.01.04"]
[EventType "swiss"]
[EventRounds "9"]
[EventCountry "RUS"]
[SourceTitle "CBM 134 Extra"]
[Source "ChessBase"]
[SourceDate "2010.03.03"]
[SourceVersion "1"]
[SourceVersionDate "2010.03.03"]
[SourceQuality "1"]

1. e4 d6 2. d4 Nf6 3. Bd3 e5 4. dxe5 dxe5 5. Nf3 Nc6 6. 0-0 Bc5 7. Nc3 a6 8. h3 h6 9. a3 Be6 10. Qe2 Qd7 11. Be3 Nd4 12. Qd1 Qd6 13. Bxd4 Bxd4 14. Nxd4 Qxd4 15. Qf3 0-0 16. Rfe1 Rad8 17. Qe3 c5 18. Rad1 b5 19. Qf3 c4 20. Be2 Qc5 21. Qe3 Qxe3 22. fxe3 Rfe8 23. Bf3 Kf8 24. Kf2 Ke7 25. Rxd8 Rxd8 26. Rd1 Rxd1 27. Nxd1 Kd6 28. Ke2 Kc5 29. Kd2 a5 30. Nf2 Bd7 31. Kc3 Bc6 32. Kd2 Bd7 33. Kc3 Be6 34. Kd2 g6 35. Kc3 Bd7 36. Kd2 Bc6 37. Kc3 Bd7 38. Kd2 Be6 39. Kc3 Nd7 40. Kd2 Nb6 41. Kc1 Na4 42. Nd1 Nb6 43. Kd2 Nc8 44. Nf2 Nd6 45. Kc1 f6 46. c3 Nb7 47. Kc2 Kd6 48. Kd2 Nc5 49. Kc2 Bd7 50. g4 Bc6 51. Bh1 Ke7 52. Kd2 Kf7 53. Kd1 Na4 54. Kc2 Nc5 55. Kd1 Kg7 56. Kd2 f5 57. gxf5 gxf5 58. exf5 Bxh1 59. Nxh1 Ne4+ 60. Ke2 Kf6 61. Nf2 Kxf5 62. Ng4 h5 63. Nh2 Nc5 64. Nf1 Kg5 65. Nd2 Kh4 66. Nf3+ Kxh3 67. Nxe5 Kg3 68. Nf3 h4 69. Ng5 h3 70. Nxh3 Kxh3 71. Kf3 Kh4 72. Kf4 Nd3+ 73. Ke4 Nxb2 74. Kd4 Na4 75. e4 Kg5 0-1

[Event "Uljanovsk op"]
[Site "Uljanovsk"]
[Date "2010.01.04"]
[Round "2"]
[White "Pavlovski, Yaroslav"]
[Black "Trushnikov, Viacheslav"]
[Result "1-0"]
[WhiteElo "2286"]
[BlackElo "2028"]
[PlyCount "107"]
[EventDate "2010.01.04"]
[EventType "swiss"]
[EventRounds "9"]
[EventCountry "RUS"]
[SourceTitle "CBM 134 Extra"]
[Source "ChessBase"]
[SourceDate "2010.03.03"]
[SourceVersion "1"]
[SourceVersionDate "2010.03.03"]
[SourceQuality "1"]

1. d3 c5 2. g3 Nc6 3. Bg2 g6 4. c4 Bg7 5. Nc3 d6 6. Bd2 e6 7. h4 h5 8. Nh3 Nge7 9. Nf4 Rb8 10. a3 a6 11. Rb1 b5 12. cxb5 axb5 13. b4 cxb4 14. axb4 d5 15. 0-0 0-0 16. Na2 Qb6 17. Nc1 Nf5 18. e3 Ne5 19. Nb3 d4 20. e4 Ne7 21. Bh3 Nd7 22. Ne2 e5 23. Rc1 Nf6 24. Bg2 Kh7 25. f3 Be6 26. Nc5 Nd7 27. Nxe6 Qxe6 28. Kh2 Qd6 29. Bh3 f5 30. Qb3 fxe4 31. fxe4 Rxf1 32. Rxf1 Rf8 33. Rxf8 Nxf8 34. Bg5 Ng8 35. g4 Qe6 36. Qxe6 Nxe6 37. gxh5 Nxg5 38. hxg5 gxh5 39. Bf5+ Kh8 40. Ng3 Bf8 41. Nxh5 Bxb4 42. Bd7 Ne7 43. Kh3 Bd2 44. Kg4 b4 45. Be6 Kh7 46. Bf7 b3 47. Nf6+ Kg7 48. Bxb3 Kg6 49. Nd7 Bf4 50. Nf8+ Kg7 51. Ne6+ Kg6 52. Nxf4+ exf4 53. Kxf4 Nc6 54. Be6 1-0

[Event "Uljanovsk Petrosian Memorial op"]
[Site "Uljanovsk"]
[Date "2009.06.27"]
[Round "5"]
[White "Pavlovski, Yaroslav"]
[Black "Chaplygin, Anton"]
[Result "1/2-1/2"]
[WhiteElo "2281"]
[BlackElo "1990"]
[PlyCount "83"]
[EventDate "2009.06.20"]
[EventType "swiss"]
[EventRounds "9"]
[EventCountry "RUS"]
[SourceTitle "EXT 2012"]
[Source "ChessBase"]
[SourceDate "2011.11.24"]
[SourceVersion "1"]
[SourceVersionDate "2011.11.24"]
[SourceQuality "1"]

1. e4 c6 2. d4 d5 3. Nd2 dxe4 4. Nxe4 Bf5 5. Ng3 Bg6 6. Bc4 Nf6 7. N1e2 Nbd7 8. 0-0 e6 9. Nf4 Nd5 10. Re1 Nxf4 11. Bxf4 Nb6 12. Bb3 Bd6 13. Qf3 Bxf4 14. Qxf4 Nd5 15. Qf3 0-0 16. Ne4 Qc7 17. g3 Rad8 18. Rad1 b6 19. Nd2 Nf6 20. Qe3 Nd5 21. Qe2 c5 22. dxc5 Qxc5 23. Ne4 Bxe4 24. Qxe4 Nf6 25. Qe2 Qc7 26. a3 Rxd1 27. Rxd1 Rd8 28. c4 h6 29. Bc2 Rxd1+ 30. Qxd1 g6 31. Qd4 e5 32. Qc3 a5 33. b4 axb4 34. axb4 Ne8 35. Bb3 Ng7 36. Qd2 Nf5 37. Qd5 Nd4 38. Bd1 Nc6 39. Qd2 Qe7 40. b5 Na5 41. Be2 Kg7 42. Qe3 1/2-1/2

[Event "Uljanovsk Petrosian Memorial op"]
[Site "Uljanovsk"]
[Date "2009.06.21"]
[Round "3"]
[White "Makarenko, Vladimir2222"]
[Black "Pavlovski, Yaroslav"]
[Result "0-1"]
[WhiteElo "1981"]
[BlackElo "2281"]
[PlyCount "58"]
[EventDate "2009.06.20"]
[EventType "swiss"]
[EventRounds "9"]
[EventCountry "RUS"]
[SourceTitle "EXT 2012"]
[Source "ChessBase"]
[SourceDate "2011.11.24"]
[SourceVersion "1"]
[SourceVersionDate "2011.11.24"]
[SourceQuality "1"]

1. d4 d6 2. c4 Nf6 3. Nc3 e5 4. dxe5 dxe5 5. Qxd8+ Kxd8 6. Bg5 Be6 7. 0-0-0+ Nbd7 8. Nd5 Kc8 9. Bxf6 gxf6 10. e4 c6 11. Nc3 Kc7 12. Nf3 Bb4 13. Kc2 Nc5 14. Nd2 f5 15. f3 Rad8 16. Be2 Rhg8 17. g3 Rd4 18. a3 Bxc3 19. bxc3 Rd6 20. Nb3 Rxd1 21. Rxd1 Nxb3 22. Kxb3 fxe4 23. fxe4 Kb6 24. Rd2 Kc5 25. Kc2 Rg6 26. Bd3 Rf6 27. Kb2 a5 28. Kc2 Bxc4 29. Bxc4 Kxc4 0-1

[Event "Nezhmetdinov Memorial 31st"]
[Site "Kazan"]
[Date "2009.06.07"]
[Round "8"]
[White "Pavlovski, Yaroslav"]
[Black "Sanzhaev, Darsen"]
[Result "1-0"]
[WhiteElo "2280"]
[BlackElo "2120"]
[PlyCount "43"]
[EventDate "2009.05.31"]
[EventType "swiss"]
[EventRounds "9"]
[EventCountry "RUS"]
[SourceTitle "CBM 130 Extra"]
[Source "ChessBase"]
[SourceDate "2009.07.02"]
[SourceVersion "2"]
[SourceVersionDate "2009.07.15"]
[SourceQuality "1"]

1. d4 Nf6 2. Nf3 e6 3. e3 c5 4. Bd3 Nc6 5. 0-0 d6 6. Nbd2 Be7 7. b3 0-0 8. Bb2 Re8 9. a3 Bf8 10. dxc5 dxc5 11. Ne4 e5 12. Nfg5 Nxe4 13. Nxe4 Be6 14. f4 exf4 15. exf4 c4 16. Nf6+ gxf6 17. Bxh7+ Kxh7 18. Qh5+ Kg8 19. Rf3 Bg7 20. Rg3 Ne7 21. Rxg7+ Kxg7 22. Bxf6+ 1-0

[Event "Uljanovsk-ch"]
[Site "Uljanovsk"]
[Date "2009.03.16"]
[Round "3"]
[White "Parshakov, Vladimir"]
[Black "Pavlovski, Yaroslav"]
[Result "0-1"]
[WhiteElo "2044"]
[BlackElo "2280"]
[PlyCount "68"]
[EventDate "2009.03.14"]
[EventType "swiss"]
[EventRounds "9"]
[EventCountry "RUS"]
[SourceTitle "EXT 2010"]
[Source "ChessBase"]
[SourceDate "2010.11.25"]
[SourceVersion "1"]
[SourceVersionDate "2010.11.25"]
[SourceQuality "1"]

1. e4 d6 2. Nf3 g6 3. Bc4 Bg7 4. 0-0 Nf6 5. d3 0-0 6. c3 c6 7. a4 d5 8. exd5 cxd5 9. Bb3 Nc6 10. Bc2 d4 11. Bg5 h6 12. Bd2 Bf5 13. Re1 Re8 14. Na3 dxc3 15. Bxc3 Nd5 16. Bxg7 Kxg7 17. d4 Bxc2 18. Nxc2 Rc8 19. Ne3 Ncb4 20. Re2 Qd6 21. g3 e6 22. Rd2 Rc7 23. Rc1 Rec8 24. Rxc7 Qxc7 25. Nxd5 Nxd5 26. Qe2 Qc6 27. Ne5 Qxa4 28. Ng4 Rc1+ 29. Kg2 Qc6 30. Kh3 Qd6 31. Rd3 h5 32. Ne5 Ne7 33. Rc3 Rg1 34. Qf3 f6 0-1

[Event "Uljanovsk-ch"]
[Site "Uljanovsk"]
[Date "2009.03.14"]
[Round "1"]
[White "Goncharov, Evgeni"]
[Black "Pavlovski, Yaroslav"]
[Result "0-1"]
[WhiteElo "2175"]
[BlackElo "2280"]
[PlyCount "78"]
[EventDate "2009.03.14"]
[EventType "swiss"]
[EventRounds "9"]
[EventCountry "RUS"]
[SourceTitle "EXT 2010"]
[Source "ChessBase"]
[SourceDate "2010.11.25"]
[SourceVersion "1"]
[SourceVersionDate "2010.11.25"]
[SourceQuality "1"]

1. Nf3 g6 2. g3 Bg7 3. Bg2 e5 4. d3 Ne7 5. 0-0 d5 6. Nbd2 0-0 7. Re1 h6 8. e4 d4 9. Nf1 c5 10. c4 Nbc6 11. h3 Be6 12. g4 Qd7 13. Ng3 a6 14. Rb1 b5 15. b3 Rab8 16. Bd2 Nb4 17. Bxb4 cxb4 18. cxb5 Qxb5 19. Rc1 Rfc8 20. Bf1 Rc3 21. Nd2 Bf6 22. Nc4 Rxc1 23. Qxc1 Bg5 24. Qd1 Kg7 25. Re2 Rh8 26. Rc2 Ng8 27. Nd6 Qb8 28. Rc6 Nf6 29. Qc2 h5 30. Qc5 Nd7 31. Qa5 hxg4 32. hxg4 Bxg4 33. Nc4 Bf4 34. Qxa6 Qd8 35. Nd6 Qh4 36. Bg2 Bxg3 37. Nxf7 Bxf2+ 38. Kf1 Be3 39. Rxg6+ Kxf7 0-1

[Event "Privolzhskogo FO-ch"]
[Site "Kazan"]
[Date "2009.01.29"]
[Round "9"]
[White "Sadykov, Ramil"]
[Black "Pavlovski, Yaroslav"]
[Result "1/2-1/2"]
[WhiteElo "2143"]
[BlackElo "2281"]
[PlyCount "81"]
[EventDate "2009.01.21"]
[EventType "swiss"]
[EventRounds "9"]
[EventCountry "RUS"]
[SourceTitle "EXT 2010"]
[Source "ChessBase"]
[SourceDate "2010.11.25"]
[SourceVersion "1"]
[SourceVersionDate "2010.11.25"]
[SourceQuality "1"]

1. e4 d6 2. d4 Nf6 3. Nc3 g6 4. g3 Bg7 5. Bg2 0-0 6. Nge2 Nc6 7. h3 e5 8. Be3 exd4 9. Nxd4 Bd7 10. 0-0 Re8 11. Nde2 Ne5 12. g4 Nc4 13. Bc1 h6 14. Ng3 Bc6 15. f4 b5 16. Rb1 b4 17. Nd5 Nxd5 18. exd5 Bb5 19. Rf3 Qe7 20. b3 Qe1+ 21. Qxe1 Rxe1+ 22. Rf1 Bd4+ 23. Kh2 Na3 24. Bxa3 Rxb1 25. Rxb1 bxa3 26. Re1 Kf8 27. Re4 Bb2 28. Bf1 Bd7 29. Ba6 c5 30. Kg2 Rb8 31. Kf3 Rb6 32. Bc4 a5 33. Nf1 f5 34. Re2 a4 35. Ne3 fxg4+ 36. hxg4 axb3 37. cxb3 Kf7 38. Bd3 h5 39. gxh5 gxh5 40. Rh2 Bg4+ 41. Nxg4 1/2-1/2

[Event "Privolzhskogo FO-ch"]
[Site "Kazan"]
[Date "2009.01.28"]
[Round "8"]
[White "Isajevsky, Anton"]
[Black "Pavlovski, Yaroslav"]
[Result "1-0"]
[WhiteElo "2424"]
[BlackElo "2281"]
[PlyCount "133"]
[EventDate "2009.01.21"]
[EventType "swiss"]
[EventRounds "9"]
[EventCountry "RUS"]
[SourceTitle "EXT 2010"]
[Source "ChessBase"]
[SourceDate "2010.11.25"]
[SourceVersion "1"]
[SourceVersionDate "2010.11.25"]
[SourceQuality "1"]

1. d4 d6 2. c4 e5 3. Nf3 Nd7 4. Nc3 Ngf6 5. e4 g6 6. Be2 Bg7 7. d5 h6 8. h3 Nc5 9. Qc2 a5 10. g4 Bd7 11. Be3 Qe7 12. 0-0-0 Kf8 13. Nd2 a4 14. Kb1 Kg8 15. Rdg1 c6 16. h4 Qe8 17. dxc6 Bxc6 18. Nd5 Nxd5 19. cxd5 Bd7 20. Nc4 Bf8 21. Nb6 Rb8 22. f3 Be7 23. Bxc5 dxc5 24. d6 Bd8 25. Qxc5 Bxb6 26. Qxb6 Bc6 27. Rc1 Kg7 28. Rhd1 Qd8 29. Qxd8 Rhxd8 30. Rc5 Kf6 31. Bb5 Bxb5 32. Rxb5 Ke6 33. Rdd5 Rxd6 34. Rxe5+ Kf6 35. g5+ hxg5 36. hxg5+ Kg7 37. Red5 Rc6 38. Rbc5 Rxc5 39. Rxc5 Rh8 40. Rb5 Rh3 41. Rxb7 Rxf3 42. Ra7 Rg3 43. Rxa4 Rxg5 44. Rc4 Kf6 45. a4 Re5 46. b4 g5 47. Kc2 g4 48. Kd2 Rh5 49. Rc6+ Ke7 50. Ke3 Rh3+ 51. Kf2 Rf3+ 52. Kg2 Kd7 53. Rc4 Kd6 54. a5 Ra3 55. Rc5 f6 56. Rf5 Ke6 57. Rb5 Kf7 58. Rb6 Re3 59. a6 Rxe4 60. a7 Re2+ 61. Kg3 Ra2 62. Rb7+ Kg6 63. Kxg4 Ra1 64. b5 Ra4+ 65. Kf3 Kf5 66. b6 Ra3+ 67. Ke2 1-0

[Event "Privolzhskogo FO-ch"]
[Site "Kazan"]
[Date "2009.01.26"]
[Round "6"]
[White "Tukhvatullin, Vladislav"]
[Black "Pavlovski, Yaroslav"]
[Result "0-1"]
[WhiteElo "2227"]
[BlackElo "2281"]
[PlyCount "94"]
[EventDate "2009.01.21"]
[EventType "swiss"]
[EventRounds "9"]
[EventCountry "RUS"]
[SourceTitle "EXT 2010"]
[Source "ChessBase"]
[SourceDate "2010.11.25"]
[SourceVersion "1"]
[SourceVersionDate "2010.11.25"]
[SourceQuality "1"]

1. e4 d6 2. d4 Nf6 3. Nc3 g6 4. g3 Bg7 5. Bg2 0-0 6. Nge2 Nc6 7. d5 Nb8 8. 0-0 c6 9. Re1 Bd7 10. a4 a5 11. h3 Na6 12. Be3 Rc8 13. Qd2 Nb4 14. Na2 Nxa2 15. Rxa2 e6 16. dxe6 Bxe6 17. Raa1 d5 18. Nf4 Nxe4 19. Bxe4 dxe4 20. Qxd8 Rcxd8 21. Nxe6 fxe6 22. c3 Rf5 23. Re2 Rfd5 24. Bb6 Rd1+ 25. Rxd1 Rxd1+ 26. Kg2 e3 27. Rxe3 Rb1 28. Bxa5 Rxb2 29. Rxe6 Kf7 30. Re4 b6 31. Bb4 c5 32. Ba3 Ra2 33. Bc1 Bxc3 34. Be3 Bb4 35. Bg5 Rxa4 36. Re7+ Kf8 37. Rxh7 c4 38. Be3 Ba5 39. h4 b5 40. Kf3 b4 41. Rb7 b3 42. Bc5+ Kg8 43. Bd4 Ra3 44. Ke4 c3 45. Kd5 c2 46. Ke6 Bd8 47. Be3 b2 0-1

[Event "Privolzhskogo FO-ch"]
[Site "Kazan"]
[Date "2009.01.25"]
[Round "5"]
[White "Pavlovski, Yaroslav"]
[Black "Ananchenko, Igor"]
[Result "1-0"]
[WhiteElo "2281"]
[BlackElo "2166"]
[PlyCount "61"]
[EventDate "2009.01.21"]
[EventType "swiss"]
[EventRounds "9"]
[EventCountry "RUS"]
[SourceTitle "EXT 2010"]
[Source "ChessBase"]
[SourceDate "2010.11.25"]
[SourceVersion "1"]
[SourceVersionDate "2010.11.25"]
[SourceQuality "1"]

1. e4 e5 2. Nf3 Nf6 3. Nxe5 d6 4. Nc4 Nxe4 5. Nc3 Nxc3 6. bxc3 Be7 7. d4 0-0 8. Bd3 c5 9. 0-0 Nc6 10. Ne3 Bf6 11. Nd5 cxd4 12. cxd4 Bxd4 13. c3 Bf6 14. Qc2 h6 15. Bb2 Be6 16. Nxf6+ Qxf6 17. c4 Qg5 18. f4 Qc5+ 19. Kh1 f6 20. Qc3 Rfe8 21. Bg6 Bf7 22. Bxf7+ Kxf7 23. Qd3 Re3 24. Qh7 Rae8 25. f5 Qxc4 26. Bxf6 Qg4 27. Bh4 Qxh4 28. f6 Qg5 29. fxg7+ Ke6 30. Rf8 Kd5 31. g8Q+ 1-0

[Event "Privolzhskogo FO-ch"]
[Site "Kazan"]
[Date "2009.01.21"]
[Round "1"]
[White "Pavlovski, Yaroslav"]
[Black "Mubarakshin, Marsel"]
[Result "1-0"]
[WhiteElo "2281"]
[BlackElo "2021"]
[PlyCount "85"]
[EventDate "2009.01.21"]
[EventType "swiss"]
[EventRounds "9"]
[EventCountry "RUS"]
[SourceTitle "EXT 2010"]
[Source "ChessBase"]
[SourceDate "2010.11.25"]
[SourceVersion "1"]
[SourceVersionDate "2010.11.25"]
[SourceQuality "1"]

1. e4 Nc6 2. Nf3 d6 3. d4 g6 4. h3 Bg7 5. Be3 Nf6 6. Nc3 0-0 7. Qd2 Re8 8. Be2 a6 9. 0-0 e5 10. dxe5 Nxe5 11. Rad1 Ned7 12. Bg5 b5 13. Nd5 Bb7 14. Bd3 Bxd5 15. exd5 Nb6 16. Nd4 Nbxd5 17. c4 bxc4 18. Bxc4 Nb6 19. Bb3 Qd7 20. Qf4 Ne4 21. Bh6 Nc5 22. Bc2 Ne6 23. Nxe6 Rxe6 24. Bxg7 Kxg7 25. Qd4+ f6 26. f4 Re2 27. Be4 Re8 28. Bf3 Rc2 29. h4 d5 30. h5 c5 31. h6+ Kf7 32. Qd3 Rxb2 33. Rb1 Rxb1 34. Rxb1 Re6 35. Qxa6 Qc7 36. a4 c4 37. a5 Nd7 38. Qb5 Qa7+ 39. Kh2 Ke7 40. Bxd5 Qf2 41. Bxe6 Kxe6 42. Qxc4+ Kf5 43. Qd5+ 1-0

[Event "Uljanovsk Volga Region-ch"]
[Site "Uljanovsk"]
[Date "2008.12.10"]
[Round "8"]
[White "Shamshetdinov, Rjastam"]
[Black "Pavlovski, Yaroslav"]
[Result "0-1"]
[WhiteElo "2124"]
[BlackElo "2257"]
[PlyCount "70"]
[EventDate "2008.12.05"]
[EventType "tourn"]
[EventRounds "11"]
[EventCountry "RUS"]
[SourceTitle "EXT 2022"]
[Source "ChessBase"]
[SourceDate "2021.10.06"]
[SourceVersion "1"]
[SourceVersionDate "2021.10.06"]
[SourceQuality "1"]

1. e4 d6 2. d4 g6 3. Nc3 Bg7 4. Nge2 Nf6 5. g3 0-0 6. Bg2 e5 7. 0-0 Nc6 8. h3 exd4 9. Nxd4 Bd7 10. Bg5 Re8 11. Nxc6 Bxc6 12. Re1 h6 13. Bd2 Nd7 14. b4 a6 15. Rb1 Nb6 16. Rb3 Nc4 17. Bc1 b5 18. Nd5 Bd7 19. Ne3 Be6 20. f4 Rb8 21. g4 Nxe3 22. Rbxe3 Bxa2 23. Ra3 Bc4 24. Rxa6 Bc3 25. Bd2 Bd4+ 26. Be3 Bxe3+ 27. Rxe3 Qf6 28. Qf3 Qb2 29. c3 Ra8 30. Ra5 Rxa5 31. bxa5 Qa1+ 32. Kh2 Qxa5 33. h4 c5 34. h5 Qd8 35. Qh3 g5 0-1

[Event "Uljanovsk Volga Region-ch"]
[Site "Uljanovsk"]
[Date "2008.12.06"]
[Round "2"]
[White "Lukianov, Alexander"]
[Black "Pavlovski, Yaroslav"]
[Result "0-1"]
[WhiteElo "1899"]
[BlackElo "2257"]
[PlyCount "46"]
[EventDate "2008.12.05"]
[EventType "tourn"]
[EventRounds "11"]
[EventCountry "RUS"]
[SourceTitle "EXT 2022"]
[Source "ChessBase"]
[SourceDate "2021.10.06"]
[SourceVersion "1"]
[SourceVersionDate "2021.10.06"]
[SourceQuality "1"]

1. e4 d6 2. d4 Nf6 3. Bd3 e5 4. c3 Nc6 5. Ne2 d5 6. Nd2 exd4 7. 0-0 dxc3 8. Nxc3 Be7 9. Re1 0-0 10. e5 Ng4 11. e6 Nxf2 12. Bxh7+ Kxh7 13. Qh5+ Kg8 14. Nxd5 Nd3 15. Ne4 Bxe6 16. Nxe7+ Nxe7 17. Re3 Nf4 18. Qf3 Ned5 19. g3 Nh3+ 20. Kg2 Nxe3+ 21. Bxe3 Bd5 22. Kxh3 Re8 23. Rf1 Rxe4 0-1

[Event "Uljanovsk Volga Region-ch"]
[Site "Uljanovsk"]
[Date "2008.12.05"]
[Round "1"]
[White "Pavlovski, Yaroslav"]
[Black "Triapkin, Pavel"]
[Result "0-1"]
[WhiteElo "2257"]
[BlackElo "2365"]
[PlyCount "94"]
[EventDate "2008.12.05"]
[EventType "tourn"]
[EventRounds "11"]
[EventCountry "RUS"]
[SourceTitle "EXT 2022"]
[Source "ChessBase"]
[SourceDate "2021.10.06"]
[SourceVersion "1"]
[SourceVersionDate "2021.10.06"]
[SourceQuality "1"]

1. e4 c5 2. Nc3 e6 3. g3 Nc6 4. Bg2 g6 5. d3 Bg7 6. f4 d6 7. Nf3 Nge7 8. 0-0 Rb8 9. Be3 Nd4 10. Qd2 Nec6 11. Nd1 Qa5 12. Qf2 0-0 13. Kh1 b5 14. Bd2 b4 15. Ne3 Qc7 16. Nh4 f5 17. Rac1 fxe4 18. c3 bxc3 19. bxc3 g5 20. Bxe4 gxh4 21. cxd4 Nxd4 22. g4 Bb7 23. h3 Bxe4+ 24. dxe4 Rb2 25. Nd1 Rxa2 26. Nc3 Rb2 27. Rb1 Rfb8 28. Rxb2 Rxb2 29. f5 Qf7 30. Nd1 Ra2 31. Qe3 d5 32. f6 Bf8 33. Qg5+ Kh8 34. Nc3 Rc2 35. Rf2 h6 36. Qf4 Nb3 37. Be1 Rc1 38. Rf1 d4 39. Ne2 Rc2 40. g5 Rxe2 41. Qg4 d3 42. g6 Qb7 43. Bc3 Nd4 44. g7+ Bxg7 45. Bxd4 cxd4 46. Kg1 Qf7 47. Qxh4 Qg6+ 0-1

[Event "Uljanovsk Cup op"]
[Site "Uljanovsk"]
[Date "2008.11.23"]
[Round "9"]
[White "Saveliev, Dmitri"]
[Black "Pavlovski, Yaroslav"]
[Result "0-1"]
[WhiteElo "2161"]
[BlackElo "2257"]
[PlyCount "70"]
[EventDate "2008.11.15"]
[EventType "swiss"]
[EventRounds "9"]
[EventCountry "RUS"]
[SourceTitle "EXT 2022"]
[Source "ChessBase"]
[SourceDate "2021.10.06"]
[SourceVersion "1"]
[SourceVersionDate "2021.10.06"]
[SourceQuality "1"]

1. e4 e6 2. d4 c5 3. Nf3 cxd4 4. Nxd4 Nf6 5. Bd3 Nc6 6. Nxc6 dxc6 7. 0-0 e5 8. h3 Bc5 9. Qe2 h6 10. Be3 Qb6 11. Bxc5 Qxc5 12. Nd2 0-0 13. Nb3 Qb6 14. Rfe1 Rd8 15. Qe3 Nh5 16. Qxb6 axb6 17. Red1 Be6 18. Nd2 Nf4 19. Nc4 Nxd3 20. cxd3 f6 21. b3 b5 22. Ne3 Ra7 23. Nc2 Rda8 24. d4 Rxa2 25. Rxa2 Rxa2 26. d5 cxd5 27. Nb4 Rb2 28. exd5 Bd7 29. Rd3 Rb1+ 30. Kh2 Kf7 31. g4 Ke7 32. d6+ Ke6 33. Nd5 Bc6 34. Nb6 Rh1+ 35. Kg3 Rg1+ 0-1

[Event "Uljanovsk Cup op"]
[Site "Uljanovsk"]
[Date "2008.11.20"]
[Round "6"]
[White "Naumetov, Robert"]
[Black "Pavlovski, Yaroslav"]
[Result "0-1"]
[WhiteElo "1948"]
[BlackElo "2257"]
[PlyCount "91"]
[EventDate "2008.11.15"]
[EventType "swiss"]
[EventRounds "9"]
[EventCountry "RUS"]
[SourceTitle "EXT 2022"]
[Source "ChessBase"]
[SourceDate "2021.10.06"]
[SourceVersion "1"]
[SourceVersionDate "2021.10.06"]
[SourceQuality "1"]

1. d4 Nf6 2. Nf3 g6 3. c4 Bg7 4. Nc3 d6 5. g3 0-0 6. Bg2 Nbd7 7. 0-0 e5 8. dxe5 dxe5 9. Qc2 c6 10. Rd1 Qe7 11. e4 a5 12. h3 h6 13. Be3 Nc5 14. a3 Nh5 15. b4 Ne6 16. c5 axb4 17. axb4 Rxa1 18. Rxa1 Nd4 19. Qd1 Be6 20. Kh2 Rd8 21. Qb1 f5 22. Ra3 f4 23. Bc1 fxg3+ 24. fxg3 Qf6 25. Nxd4 exd4 26. Ne2 Bc4 27. Qc2 Qe6 28. Nf4 Nxf4 29. Bxf4 d3 30. Qd2 g5 31. Be3 Be5 32. Bxg5 Bxg3+ 33. Kxg3 Qg6 34. h4 hxg5 35. Qxg5 Qxg5+ 36. hxg5 d2 37. Bf3 d1Q 38. Bxd1 Rxd1 39. Kf4 Rb1 40. Ra4 Bb5 41. Ra7 Ba6 42. Ke5 Kf7 43. Kd6 Rxb4 44. Rxa6 bxa6 45. e5 a5 46. Kxc6 0-1